Introducción a la computación y programación con Python

محفوظ في:
التفاصيل البيبلوغرافية
المؤلفون الرئيسيون: Guzdial, Mark J (مؤلف), Ericson, Barbara (مؤلف)
التنسيق: كتاب
اللغة:الإسبانية
منشور في: Cuernavaca, México Pearson Educación 2013
الطبعة:3a. ed
الموضوعات:
الوصول للمادة أونلاين:Disponible Online
الوسوم: إضافة وسم
لا توجد وسوم, كن أول من يضع وسما على هذه التسجيلة!

MARC

LEADER 00000cam a2200000 a 4500
001 UCC1944
003 CL-VaPUC
005 20210319124920.0
008 171214e20130000mx |||||||||||||||||spa|d
999 |c 370274  |d 370272 
020 |a 9786073220491 
040 |c Pontificia Universidad Católica de Valparaíso 
082 0 4 |a 004 GUZ 2013  |2 21 
100 0 |a Guzdial, Mark J  |e author  |9 596058 
245 1 0 |a Introducción a la computación y programación con Python 
250 |a 3a. ed 
260 |a Cuernavaca, México   |b Pearson Educación  |c 2013 
300 |a 424 páginas  
583 |a last modification  |c 20171214 17:05:00  |k Rodrigo Vera 
650 0 |a Programación de computadores   |9 259531 
650 0 |a Lenguajes de programación   |9 259458 
700 0 |a Ericson, Barbara  |e author  |9 596059 
852 |a BIBCUR 
856 |u http://bibliografiadigital.pucv.cl.pucv.idm.oclc.org/index.php/bibliotecapucv/catalog/book/201  |y Disponible Online  
942 |c BK  |2 ddc 
945 |d 20171214 17:05:00  |a dcastane 
952 |0 0  |1 0  |3 erb  |4 0  |6 004_000000000000000_GUZ_2013  |7 0  |8 A  |9 486645  |a BIBING  |b BIBING  |i 5441919  |l 2  |m 2  |o 004 GUZ 2013  |p 5441919  |r 2024-04-08  |s 2024-03-15  |w 2019-11-24  |y BK  |z Catalogado en:20171214  |k CCI 
952 |0 0  |1 0  |3 erb  |4 0  |6 004_000000000000000_GUZ_2013  |7 0  |8 A  |9 486646  |a BIBING  |b BIBING  |i 5441927  |o 004 GUZ 2013  |p 5441927  |r 2024-01-25  |w 2019-11-24  |y BK  |z Catalogado en:20171214  |k CCI 
952 |0 0  |1 0  |2 ddc  |4 0  |6 004_000000000000000_GUZ_2013  |7 0  |8 A  |9 495073  |a BIBING  |b BIBING  |d 2019-12-20  |e 15  |g 10286.00  |i 5569931  |o 004 GUZ 2013  |p 5569931  |r 2024-01-25  |t 4  |v 10286.00  |w 2019-12-20  |y BK  |k CCI 
952 |0 0  |1 0  |2 ddc  |4 0  |6 004_000000000000000_GUZ_2013  |7 0  |8 A  |9 495074  |a BIBING  |b BIBING  |d 2019-12-20  |e 15  |g 10286.00  |i 5569907  |o 004 GUZ 2013  |p 5569907  |r 2024-01-25  |t 1  |v 10286.00  |w 2019-12-20  |y BK  |k CCI 
952 |0 0  |1 0  |2 ddc  |4 0  |6 004_000000000000000_GUZ_2013  |7 0  |8 A  |9 495075  |a BIBING  |b BIBING  |d 2019-12-20  |e 15  |g 10286.00  |i 5569990  |o 004 GUZ 2013  |p 5569990  |r 2024-01-25  |t 10  |v 10286.00  |w 2019-12-20  |y BK  |k CCI 
952 |0 0  |1 0  |2 ddc  |4 0  |6 004_000000000000000_GUZ_2013  |7 0  |8 A  |9 495076  |a BIBING  |b BIBING  |d 2019-12-20  |e 15  |g 10286.00  |i 5569958  |o 004 GUZ 2013  |p 5569958  |r 2024-01-25  |t 6  |v 10286.00  |w 2019-12-20  |y BK  |k CCI 
952 |0 0  |1 0  |2 ddc  |4 0  |6 004_000000000000000_GUZ_2013  |7 0  |8 A  |9 495077  |a BIBING  |b BIBING  |d 2019-12-20  |e 15  |g 10286.00  |i 5569923  |l 4  |m 2  |o 004 GUZ 2013  |p 5569923  |r 2024-03-22  |s 2024-03-15  |t 3  |v 10286.00  |w 2019-12-20  |y BK  |k CCI 
952 |0 0  |1 0  |2 ddc  |4 0  |6 004_000000000000000_GUZ_2013  |7 0  |8 A  |9 495079  |a BIBING  |b BIBING  |d 2019-12-20  |e 15  |g 10286.00  |i 5569915  |o 004 GUZ 2013  |p 5569915  |r 2024-01-25  |t 2  |v 10286.00  |w 2019-12-20  |y BK  |k CCI